[Event "CAN-ch U14"]
[Site "Ottawa"]
[Date "2013.07.11"]
[Round "4"]
[White "Lachance, Tristan"]
[Black "Page, Shawn"]
[Result "1-0"]
[WhiteElo "937"]
[BlackElo "1052"]
[PlyCount "51"]
[EventDate "2013.07.10"]
[EventType "swiss"]
[EventRounds "6"]
[EventCountry "CAN"]
[SourceTitle "EXT 2022"]
[Source "ChessBase"]
[SourceDate "2021.10.06"]
[SourceVersion "1"]
[SourceVersionDate "2021.10.06"]
[SourceQuality "1"]

1. e4 c5 2. Nf3 d6 3. d4 cxd4 4. Nxd4 Nf6 5. Nc3 a6 6. Bc4 e6 7. Bg5 Be7 8. Nf3 Nc6 9. Qe2 b5 10. Bb3 0-0 11. Rd1 Bb7 12. e5 dxe5 13. Rxd8 Rfxd8 14. Nxe5 Nd4 15. Qe3 Bc5 16. Qh3 Rd6 17. 0-0 b4 18. Na4 Nxb3 19. axb3 Rad8 20. Nxc5 Ne4 21. Nxb7 Nxg5 22. Qg3 Ne4 23. Qf4 Nd2 24. Qxf7+ Kh8 25. Nxd6 Rxd6 26. Qf8# 1-0

[Event "CAN-ch U12"]
[Site "Vancouver"]
[Date "2012.07.03"]
[Round "1"]
[White "Katz, Matthew"]
[Black "Lachance, Tristan"]
[Result "1/2-1/2"]
[WhiteElo "660"]
[BlackElo "1156"]
[PlyCount "52"]
[EventDate "2012.07.03"]
[EventType "swiss"]
[EventRounds "7"]
[EventCountry "CAN"]
[SourceTitle "EXT 2022"]
[Source "ChessBase"]
[SourceDate "2021.10.06"]
[SourceVersion "1"]
[SourceVersionDate "2021.10.06"]
[SourceQuality "1"]

1. e4 c5 2. Nf3 d6 3. Nc3 Nf6 4. Bc4 Bg4 5. 0-0 Nc6 6. h3 Bxf3 7. Qxf3 Ne5 8. Qe2 Nxc4 9. Qxc4 Qd7 10. d3 e6 11. Bf4 d5 12. Qb5 Qxb5 13. Nxb5 0-0-0 14. Rad1 Be7 15. f3 c4 16. Nxa7+ Kd7 17. Nb5 Bc5+ 18. Kh1 Nh5 19. Bg5 Ng3+ 20. Kh2 Nxf1+ 21. Rxf1 f6 22. Bh4 g5 23. Bg3 dxe4 24. dxe4 e5 25. h4 Rdg8 26. hxg5 Rxg5 1/2-1/2